Human services worker / (Record no. 945)

MARC details
000 -LEADER
fixed length control field 01145cam a22003134a 4500
005 - DATE AND TIME OF LATEST TRANSACTION
control field 20260322212040.0
008 - FIXED-LENGTH DATA ELEMENTS--GENERAL INFORMATION
fixed length control field data
010 ## - LIBRARY OF CONGRESS CONTROL NUMBER
LC control number 00024874
020 ## - INTERNATIONAL STANDARD BOOK NUMBER
International Standard Book Number 0736805966
020 ## - INTERNATIONAL STANDARD BOOK NUMBER
International Standard Book Number 9780736805964
040 ## - CATALOGING SOURCE
Original cataloging agency DLC
Transcribing agency DLC
Modifying agency DLC
042 ## - AUTHENTICATION CODE
Authentication code lcac
-- lcac
043 ## - GEOGRAPHIC AREA CODE
Geographic area code n-us---
-- n-us---
050 00 - LIBRARY OF CONGRESS CALL NUMBER
Classification number HV10.5
Item number .W35 2001
082 00 - DEWEY DECIMAL CLASSIFICATION NUMBER
Classification number 361/.0023/73
Edition information 21
092 ## - LOCALLY ASSIGNED DEWEY CALL NUMBER (OCLC)
Classification number 361 Wal 2001
001 - CONTROL NUMBER
control field data
100 1# - MAIN ENTRY--PERSONAL NAME
Personal name Wallner, Rosemary,
Dates associated with a name 1964-
245 10 - TITLE STATEMENT
Title Human services worker /
Statement of responsibility, etc. Rosemary Wallner.
260 ## - PUBLICATION, DISTRIBUTION, ETC.
Place of publication, distribution, etc. Mankato, MN :
Name of publisher, distributor, etc. Capstone Books,
Date of publication, distribution, etc. 2001.
300 ## - PHYSICAL DESCRIPTION
Extent 48 p. :
Other physical details col. ill. ;
Dimensions 23 cm.
440 #0 - SERIES STATEMENT/ADDED ENTRY--TITLE
Title Career exploration
504 ## - BIBLIOGRAPHY, ETC. NOTE
Bibliography, etc. note Includes bibliographical references and index.
520 ## - SUMMARY, ETC.
Summary, etc. Introduces the career of human services worker, providing information about educational requirements, duties, the workplace, salary, employment outlook, and possible future positions.
650 #0 - SUBJECT ADDED ENTRY--TOPICAL TERM
Topical term or geographic name entry element Human services
General subdivision Vocational guidance
Geographic subdivision United States
Form subdivision Juvenile literature.
650 #0 - SUBJECT ADDED ENTRY--TOPICAL TERM
Topical term or geographic name entry element Human services
General subdivision Vocational guidance
Geographic subdivision Canada
Form subdivision Juvenile literature.
650 #1 - SUBJECT ADDED ENTRY--TOPICAL TERM
Topical term or geographic name entry element Human services
General subdivision Vocational guidance.
650 #1 - SUBJECT ADDED ENTRY--TOPICAL TERM
Topical term or geographic name entry element Vocational guidance.
Holdings
Withdrawn status Lost status Damaged status Not for loan Home library Current library Shelving location Date acquired Total checkouts Full call number Barcode Date last seen Price effective from Koha item type
        Centerville Centerville General stacks 22/03/2026   361/.0023/73 21 BC0010977 22/03/2026 22/03/2026 Books